Home Print Resources E-Books E-Journals IIMT Lecture Series Library Membership Form Book Recommendation Form Campus Tour Take AdmissionAbout Us Contact Us

DATABASE SYSTEM CONCEPTS (Record no. 64105)

000 -LEADER
fixed length control field 00432nam a22001697a 4500
003 - CONTROL NUMBER IDENTIFIER
control field OSt
005 - DATE AND TIME OF LATEST TRANSACTION
control field 20240821150109.0
008 - FIXED-LENGTH DATA ELEMENTS--GENERAL INFORMATION
fixed length control field 240821b |||||||| |||| 00| 0 eng d
020 ## - INTERNATIONAL STANDARD BOOK NUMBER
International Standard Book Number 9789390727506
040 ## - CATALOGING SOURCE
Transcribing agency IIMT ENGINEERING COLLEGE
100 ## - MAIN ENTRY--PERSONAL NAME
Personal name SILBERSCHATZ ABRAHAM
245 ## - TITLE STATEMENT
Title DATABASE SYSTEM CONCEPTS
260 ## - PUBLICATION, DISTRIBUTION, ETC.
Place of publication, distribution, etc. NEW DELHI
Name of publisher, distributor, etc. MGH
Date of publication, distribution, etc. 9-8-24, MGH
300 ## - PHYSICAL DESCRIPTION
Extent 1344
440 ## - SERIES STATEMENT/ADDED ENTRY--TITLE
Title DATABASE SYSTEM CONCEPTS
942 ## - ADDED ENTRY ELEMENTS (KOHA)
Source of classification or shelving scheme
Koha item type Text-Book- for 7 days
Holdings
Withdrawn status Lost status Source of classification or shelving scheme Damaged status Not for loan Home library Current library Date acquired Cost, normal purchase price Inventory number Total Checkouts Barcode Date last seen Copy number Price effective from Koha item type Date last checked out
          IIMT Engineering College-BTech IIMT Engineering College-BTech 08/21/2024 1199.00 HO/IN/41 3 14-B-4111 12/04/2024 5 08/21/2024 Text-Book- for 7 days 11/19/2024
          IIMT Engineering College-MCA IIMT Engineering College-MCA 08/21/2024 1199.00 HO/IN/41   14-B-4109 08/21/2024 3 08/21/2024 Text-Book- for 7 days  
          IIMT Engineering College-MCA IIMT Engineering College-MCA 08/21/2024 1199.00 HO/IN/41   14-B-4110 08/21/2024 4 08/21/2024 Text-Book- for 7 days  
IIMT, Central Library. All Rights Reserved IIMT,UNIVERSITY © 2023
Implemented and Customised by I CLOUDE EMS
You Are OPAC Visitor No
free web counter

Powered by Koha